THE NEW BEDWEARING (Record no. 13513)

MARC details
000 -LEADER
fixed length control field 00242nam a22001217a 4500
003 - CONTROL NUMBER IDENTIFIER
control field SGT
082 ## - DEWEY DECIMAL CLASSIFICATION NUMBER
Classification number 745.58
Item number BEN
100 ## - MAIN ENTRY--PERSONAL NAME
Personal name BENSON, ANN
245 ## - TITLE STATEMENT
Title THE NEW BEDWEARING
260 ## - PUBLICATION, DISTRIBUTION, ETC. (IMPRINT)
Name of publisher, distributor, etc STERLING PUB.
Year of Publication 2004
300 ## - PAGE DESCRIPTION
No. of Pages 125
942 ## - ADDED ENTRY ELEMENTS (KOHA)
Source of classification or shelving scheme Dewey Decimal Classification
Koha item type Books
Holdings
Withdrawn status Lost status Source of classification or shelving scheme Damaged status Not for loan Home library Current library Shelving location Date acquired Vendor Name Cost, normal purchase price SGTU Bill Number Total Checkouts Full call number Accession No. (Barcode) Date last seen Bill Date Koha item type
    Dewey Decimal Classification     SGT Science & Social Sciences Library SGT Science & Social Sciences Library Text Book 18/09/2017 SUMSAC INT. DELHI 0.00 SGTU 02854   745.58 BEN FF485 18/09/2017 18/09/2017 Books